000
00442nam a22001457a 4500
003
SGT
020
_a
812304753
082
_a
954
_b
B65T
100
_a
ताराचंद
245
_a
भारतीय स्वतंत्रता आंदोलन का इतिहास
260
_b
सुचना और प्रसारण मंत्रालय
_c
1965
300
_a
551
650
_a
INDIAN HISTORY
942
_2
ddc
_c
BK
999
_c
27862
_d
27862